|
|
|
|
| LEADER |
00000cam a2200000 7i4500 |
| 001 |
0000000260 |
| 005 |
20140117.0 |
| 020 |
0 |
0 |
|a 4906584039
|
| 090 |
0 |
0 |
|a R583.7630223
|b WOR 1997
|
| 245 |
0 |
0 |
|a WORLD mangrove atlas
|c editors, Mark Spalding, Francois Blasco and Colin Field
|
| 260 |
0 |
0 |
|a Okinawa, Japan :
|b The International Society for Mangrove Ecosystems (ISME) ,
|c 1997
|
| 300 |
|
|
|a 178 p. :
|b ill. (some col.), maps ;
|c 30 cm.
|
| 500 |
0 |
0 |
|a Includes bibliographical references and index
|
| 650 |
0 |
0 |
|a Mangrove swamps
|x Maps
|
| 700 |
0 |
1 |
|a Blasco
|h Francois
|
| 700 |
0 |
1 |
|a FIELD
|h Colin
|
| 700 |
0 |
1 |
|a Spalding
|h Mark
|
| 999 |
|
|
|a 0000001436
|b Monograph
|c Reference
|e Default branch
|